000 00935nas a2200313 4500
001 BR0602680
003 BR-BrBNA
005 20231205110041.0
007 ta
008 230509b bl.|||p| |||| 00| 00por d
040 _aBR-BrBNA
_bpor
_cBiblioteca Nacional de Agricultura
041 _a(Pt)
072 _aN01; F06
100 1 _aAmaral, L.G.LH. do
100 1 _aRodriguez, R. del G.
100 1 _aPruski, F.F.
100 1 _aRamos, M.M.
245 1 _aVazão retirada e consumo efetivo de água em diferentes sistemas de irrigação do arroz
650 _aARROZ
650 _aIRRIGAÇÃO POR ASPERSÃO
650 _aÁGUA
650 _aVAZÃO
650 _aHIDROLOGIA
650 _aMANEJO DE ÁGUA
650 _aMODELO MATEMÁTICO
773 0 _tEngenharia na Agricultura (Brazil)
_xISSN 1414-3984
_g(Jul-Sep 2005), v. 13(3) p. 178-192
_wBR0602680
909 _a202311
_bLúcia
_c55
_dLúcia Elande
942 _2AGRIS
_n0
_cANA
999 _c185986
_d185986